000 00453nam a2200181Ia 4500
001 1173
005 20260306140612.0
008 260306t1997||||xx |||||||||||||| ||spa||
041 _aESP
082 _a186.3
_bC61B
100 _aCicerón, Marco Tulio
_eAUT
245 0 _aCatón el mayor:
_bDe la vejez: lelio: De la amistad
260 _c1997
300 _aVarias paginaciones
_c21 cm.
650 _aGEN
654 _aCHU
942 _cLIB
_dJUS
_fJUS
_2ddc
_n
999 _c1173
_d1173